000 00710nam a22002295i 4500
001 183218
003 ES-MaACL
005 20230906221832.0
008 140130s1983 sp | |||| ||spa d
020 _a84-344-8358-0
080 _a875.09(02)
100 1 _aAlsina Clota, José.
_920486
245 1 0 _aLiteratura griega
_b: contenidos, métodos y problemas /
_cJosé Alsina.
260 _aBarcelona :
_bAriel,
_c1983.
300 _a454 p. ;
_c22 cm.
490 1 _aLeI. Instrumenta
500 _aBibliografía.
650 0 4 _aLiteratura griega-
_xHistoria y crítica.
_914599
830 0 _aLeI. Instrumenta
_9224950
852 _aES-MaACL
_jL-30035
_z.- Donat. Miguel A. Velasco
999 _c183218
_d183218